000 00641 a2200217 4500
003 Nust
005 20251008183925.0
010 _a 94000203
020 _a0316114030
020 _a0316114030 (HC) :
040 _cNust
082 0 0 _a902.02,BRO
100 1 _aBrownstone, David M.
_9131047
245 1 0 _aTimelines of war :
_ba chronology of warfare from 100,000 B.C. to the present /
_cDavid Brownstone and Irene Franck.
250 _a1st ed.
260 _aBoston :
_bLittle, Brown,
_cc1994.
300 _a562 p. ;
_c29 cm.
650 0 _aMilitary history
_xChronology.
_9131048
700 1 _aFranck, Irene M.
_9131049
942 _2ddc
_cBK
999 _c186149
_d186149